| 000 | 02377nas a22002417a 4500 | ||
|---|---|---|---|
| 003 | NALT | ||
| 005 | 20250612151520.0 | ||
| 006 | a|||p|r|||| 00| 0 | ||
| 007 | ta | ||
| 008 | 250612b th |||p| |||| 00| 0 tha d | ||
| 040 | _aNALT | ||
| 041 | _atha | ||
| 245 | 0 | 0 | _aดุลพาห ปีที่ 11 เล่ม 7-12 (กรกฎาคม-ธันวาคม 2507) |
| 260 | _aโรงพิมพ์การศาสนา | ||
| 310 | _aรายเดือน | ||
| 500 | _aวารสารเย็บเล่ม | ||
| 505 | 2 |
_aปีที่ 11 เล่ม 7 ก.ค. 2507 -- การแก้ไขเด็กกระทำความผิด -- ตั้งทนายให้จำเลย -- ศาลชั้นเทพ -- การไปรษณีย์. _aปีที่ 11 เล่ม 8 ส.ค. 2507 -- คัดค้านการกระทำหรือคำสั่งของเจ้าพนักงานพิทักษ์ทรัพย์ -- เล็ก ๆ น้อย ๆ (ตอน 2) -- เม็กซิโก -- การไปรษณีย์ (ต่อ). _aปีที่ 11 เล่ม 9 ก.ย. 2507 -- ประโยชน์แห่งความสงสัยให้จำเลย -- การไปรษณีย์ (ต่อ) -- กฎหมายเกี่ยวกับศาสนา -- ตัวแทนในทางการค้า. _aปีที่ 11 เล่ม 11 พ.ย. 2507 -- ราชทินนามผู้พิพากษา -- การบรรจุสินค้าลงหีบห่อหรือภาชนะในแง่กฎหมาย -- กฎหมายเกี่ยวกับศาสนา. _aปีที่ 11 เล่ม 12 ธ.ค. 2507 -- รายงานผลงานของกระทรวงยุติธรรม ประจำปีงบประมาณ 2507 -- การประชุมระหว่างชาติ -- คดีที่ขึ้นศาลทหาร -- ศาลขอนแก่นในอดีต. |
|
| 650 | 4 |
_aศาสนากับกฎหมาย _933741 |
|
| 850 | _aNALT | ||
| 866 | _aปีที่ 11 เล่ม 7-12 (กรกฎาคม-ธันวาคม 2507) | ||
| 942 | _cBOUND | ||
| 996 |
_aaroonthip.c _bLIBSTF _c2025-06-12 |
||
| 999 |
_c106918 _d106918 |
||
| 998 |
_h179 _j179 _k นางสาวอรุณทิพย์ จันทร์ดิษฐ์ |
||